[Event "Cappelle Online Blitz op"]
[Site "Europe Echecs INT"]
[Date "2022.01.09"]
[Round "9"]
[White "Daverio, Edoardo"]
[Black "Couve, Mathieu"]
[Result "1-0"]
[WhiteElo "1984"]
[BlackElo "1489"]
[PlyCount "73"]
[EventDate "2022.01.09"]
[EventType "swiss (blitz)"]
[EventRounds "11"]
[EventCountry "FRA"]
[SourceTitle "EXT 2023"]
[Source "ChessBase"]
[SourceDate "2022.10.05"]
[SourceVersion "1"]
[SourceVersionDate "2022.10.05"]
[SourceQuality "1"]

1. d4 f5 2. c4 e6 3. Nc3 d5 4. g3 c6 5. Bg2 Nf6 6. Nh3 Bd6 7. Bf4 0-0 8. 0-0 Qe7 9. Bxd6 Qxd6 10. Nf4 a6 11. c5 Qe7 12. Nd3 Nbd7 13. f3 g5 14. Qd2 h6 15. Rae1 b5 16. cxb6 Nxb6 17. e4 Nc4 18. Qc2 fxe4 19. fxe4 Ng4 20. Rxf8+ Qxf8 21. Qe2 Nge3 22. Bh3 Bd7 23. b3 dxe4 24. bxc4 Nxc4 25. Qxe4 Nd2 26. Bxe6+ Bxe6 27. Qxe6+ Kh8 28. Ne5 Nf3+ 29. Nxf3 Qxf3 30. Qe3 Qf7 31. Rf1 Qd7 32. Qe5+ Kg8 33. Ne4 Qa7 34. Nf6+ Kg7 35. Ne4+ Kg8 36. Nd6 Rd8 37. Qe6+ 1-0

[Event "FRA-ch op-D"]
[Site "Nancy"]
[Date "2013.08.14"]
[Round "3"]
[White "Pedarrieu, Gerard"]
[Black "Couve, Mathieu"]
[Result "1-0"]
[WhiteElo "1496"]
[BlackElo "1425"]
[PlyCount "97"]
[EventDate "2013.08.11"]
[EventType "swiss"]
[EventRounds "11"]
[EventCountry "FRA"]
[SourceTitle "CBM 156 Extra"]
[Source "ChessBase"]
[SourceDate "2013.10.22"]
[SourceVersion "1"]
[SourceVersionDate "2013.10.22"]
[SourceQuality "1"]

1. e4 c5 2. Nc3 e6 3. Nf3 Nc6 4. Bc4 a6 5. a4 Qc7 6. d3 h6 7. Be3 Nf6 8. h3 Be7 9. Qd2 d6 10. Bf4 e5 11. Be3 Bd7 12. Rb1 Nd4 13. Qd1 Qa5 14. Ra1 Qb6 15. b3 Nxf3+ 16. Qxf3 Rf8 17. Bd2 0-0-0 18. a5 Qc7 19. Na4 Bxa4 20. Rxa4 Qd7 21. 0-0 d5 22. exd5 Nxd5 23. Re1 f6 24. Raa1 g5 25. c3 Rh8 26. Rab1 Rhf8 27. b4 cxb4 28. cxb4 Nc7 29. Rec1 Kb8 30. Be3 Nb5 31. Bc5 Bxc5 32. bxc5 Na3 33. Rb6 Nxc4 34. Rxc4 Qd5 35. c6 Rf7 36. Qxd5 Rxd5 37. Rcb4 Rxa5 38. Rxb7+ Rxb7 39. Rxb7+ Kc8 40. Rf7 Rd5 41. Rxf6 Rxd3 42. Rxh6 Kc7 43. Rg6 Rd5 44. Rxg5 Kxc6 45. h4 a5 46. h5 a4 47. Rg3 e4 48. h6 Rh5 49. Rh3 1-0